San Carlos y Cafayate : estudio zonal

Detalles Bibliográficos
Autor Corporativo: Salta. Dirección de Estadística e Investigaciones Económicas
Formato: Libro
Publicado: Salta : Dirección de Estadística e Investigaciones Económicas, 1960.
Materias:
Etiquetas: Agregar Etiqueta
Sin Etiquetas, Sea el primero en etiquetar este registro!

MARC

LEADER 00000nam a22000004a 4500
001 AR-BbUGT2761
003 AR-BbUGT
005 20210429121824.0
007 ta
008 061101t1960 |||a |0|||0| d
999 |c 10320  |d 10320 
040 |a AR-BbUGT  |b spa  |c AR-BbUGT 
082 0 4 |a 918.24 
110 1 |a Salta.   |b Dirección de Estadística e Investigaciones Económicas 
245 1 0 |a San Carlos y Cafayate :   |b estudio zonal 
260 |a Salta :   |b Dirección de Estadística e Investigaciones Económicas,   |c 1960. 
300 |a 86 p. :   |b il. 
505 0 |a I. Los Valles Calchaquíes -- II. San Carlos y Cafayate -- III. El problema del agua -- IV. Agricultura y ganadería -- V. Industria y Turismo -- VI.Comunicaciones y transportes -- VII. Cultura y situación social -- VIII. Amblayo. 
651 4 |a Cafayate (Argentina : Departamento)  |9 996 
651 4 |a San Carlos de Bariloche (Argentina)  |9 466 
653 |a Geografía regional 
653 |a Estudios regionales 
942 |c BK  |h 918.24  |i SA37  |m D  |2 ddc  |6 918_240000000000000_SA37